000 00440nam a2200169Ia 4500
003 GCL
008 140319s9999 xx 000 0 eng d
040 _aGCL /
_cGCL
082 0 4 _a004.6
_bR T
100 1 _aRIBAR, L. JOHN
245 1 0 _aTHE INTERNET WITH WINDOWS 95 /
_cRIBAR, L. JOHN
260 _a[S.N] :
_bA P PROFESSIONAL ،
_c1997
650 0 4 _aشعر الحرب
650 0 4 _aCOMMUNICATION
650 0 4 _aINTERNET
942 _2ddc
_cBK
999 _c13192
_d13192